000 01604cam a2200445 4500
003 PE-LiUPU
005 20250731172702.0
020 _a0664250424
035 _a(Sirsi) i9780664250423
035 _a(Sirsi) 20722
035 _a(Sirsi) 20722
041 _aen
044 _aus
082 0 4 _a251
_bA21
100 1 _aAchtemeier, Elizabeth Ricer
_d1926-
245 _aPreaching from the Old Testament /
_cElizabeth Ricer Achtemeier.
264 1 _aLouisville, Kentucky :
_bWestminter/John Knox Press,
_c1989
300 _a187 páginas ;
_c24 cm.
505 0 _aA personal prologue for preachers -- Why the old testament is necessary for the church -- The approach to the bible, the community-creating word -- Basics of sermon preparation -- Preaching from the narratives -- Preaching from the law -- Preaching from the prophets -- Preaching from the psalms -- Preaching from the wisdom literature
526 _aSEG42
526 _aSEG41
526 _aSEG40
526 _aSEG39
526 _aP94
526 _aP87
526 _aP86
526 _aP85
526 _aP77
526 _aP76
526 _aP35
630 _aBiblia
_pA.T.
_xUso homilético
650 1 4 _aEvangelismo público
942 _2ddc
_cBOOK
949 _a251 A21
_i43625
_lPOSTGRADO
_mBUL
_tLIBRO
_o.STAFF. Posgrado
859 _q43625
_h251
_iA21
910 _aaj-hd
596 _a1
999 _a251 A21
_wDEWEY
_c88
_i43625
_f2021-11-10
_g5
_lCCODEBUL1
_mBUL
_r0
_sY
_tBOOK
_u2015-6-16
_xTEOLOGIA
_zUNKNOWN
_0COMPRA
_o.STAFF. Colección General
_d88
980 _81
_gALBERTO SANCHEZ Responsable de Automatización